<?xml version="1.0" encoding="UTF-8"?>
<record
    xmlns:xsi="http://www.w3.org/2001/XMLSchema-instance"
    xsi:schemaLocation="http://www.loc.gov/MARC21/slim http://www.loc.gov/standards/marcxml/schema/MARC21slim.xsd"
    xmlns="http://www.loc.gov/MARC21/slim">

  <leader>01019nam a2200205   4500</leader>
  <controlfield tag="003">LK-CoMWRAF</controlfield>
  <controlfield tag="005">20240103144740.0</controlfield>
  <controlfield tag="008">231217b        |||||||| |||| 00| 0 eng d</controlfield>
  <datafield tag="020" ind1=" " ind2=" ">
    <subfield code="a">9559261126</subfield>
  </datafield>
  <datafield tag="040" ind1=" " ind2=" ">
    <subfield code="a">LK-CoMWRAF</subfield>
    <subfield code="d">LK-CoMWRAF</subfield>
    <subfield code="e">LK-CoMWRAF</subfield>
  </datafield>
  <datafield tag="041" ind1=" " ind2=" ">
    <subfield code="a">sin</subfield>
  </datafield>
  <datafield tag="082" ind1=" " ind2=" ">
    <subfield code="a">305.3</subfield>
    <subfield code="b">TIR</subfield>
  </datafield>
  <datafield tag="100" ind1=" " ind2=" ">
    <subfield code="a">&#xDAD;&#xDD2;&#xDBB;&#xDD4;&#xDA0;&#xDB1;&#xDCA;&#xDAF;&#xDCA;&#x200D;&#xDBB;&#xDB1;&#xDCA;, &#xDC3;&#xDD9;&#xDBD;&#xDCA;&#xDC0;&#xDCA;</subfield>
  </datafield>
  <datafield tag="245" ind1=" " ind2=" ">
    <subfield code="a">&#xDC3;&#xDCA;&#xDAD;&#xDCA;&#x200D;&#xDBB;&#xDD3; &#xDB4;&#xDD4;&#xDBB;&#xDD4;&#xDC2; &#xDC3;&#xDB8;&#xDCF;&#xDA2;&#xDB7;&#xDCF;&#xDC0;&#xDD3;&#xDBA; &#xDB6;&#xDBD;&#xD9C;&#xDB8;&#xDCA;&#x200D;&#xDBA;&#xDAD;&#xDCF; &#xDC3;&#xDC4; &#xDB4;&#xDC1;&#xDCA;&#xDA0;&#xDCF;&#xDAD;&#xDCA; &#xDC0;&#xDD2;&#xDA2;&#xDD2;&#xDAD;&#xDB8;&#xDBA; &#xDC1;&#xDCA;&#x200D;&#xDBB;&#xDD3; &#xDBD;&#xD82;&#xD9A;&#xDCF;&#xDC0;&#xDDA; &#xDC3;&#xDCA;&#xDAD;&#xDCA;&#x200D;&#xDBB;&#xDD3; &#xDC3;&#xDB8;&#xDCF;&#xDA2; &#xDB1;&#xDD2;&#xDBA;&#xDDD;&#xDA2;&#xDB1;&#xDBA;  </subfield>
  </datafield>
  <datafield tag="246" ind1=" " ind2=" ">
    <subfield code="a">Sthri pururusha samajabhaviya balagamyatha saha pascath vijithamaya Sri Lankave sthri samaja niyojanaya</subfield>
  </datafield>
  <datafield tag="260" ind1=" " ind2=" ">
    <subfield code="a">&#xD9A;&#xDDC;&#xDC5;&#xDB9; : </subfield>
    <subfield code="b">&#xD9A;&#xDCF;&#xDB1;&#xDCA;&#xDAD;&#xDCF; &#xD85;&#xDB0;&#xDCA;&#x200D;&#xDBA;&#xDCF;&#xDB4;&#xDB1; &#xDC4;&#xDCF; &#xDB4;&#xDBB;&#xDCA;&#xDBA;&#xDDA;&#xDC2;&#xDAB; &#xD9A;&#xDDA;&#xDB1;&#xDCA;&#xDAF;&#xDCA;&#x200D;&#xDBB;&#x200D;&#xDBA;, </subfield>
    <subfield code="c">1998.</subfield>
  </datafield>
  <datafield tag="300" ind1=" " ind2=" ">
    <subfield code="a"> &#xDB4;&#xDD2;. xvii,83 ; &#xDC3;&#xDD9;&#xDB8;&#xDD3;. 21</subfield>
  </datafield>
  <datafield tag="650" ind1=" " ind2=" ">
    <subfield code="a">&#xDC3;&#xDCA;&#xDAD;&#xDCA;&#x200D;&#xDBB;&#xDD3; &#xDB4;&#xDD4;&#xDBB;&#xDD4;&#xDC2; &#xDB7;&#xDCF;&#xDC0;&#xDBA; </subfield>
  </datafield>
  <datafield tag="942" ind1=" " ind2=" ">
    <subfield code="c">BK</subfield>
  </datafield>
  <datafield tag="952" ind1=" " ind2=" ">
    <subfield code="0">0</subfield>
    <subfield code="1">0</subfield>
    <subfield code="4">0</subfield>
    <subfield code="7">0</subfield>
    <subfield code="a">MAIN</subfield>
    <subfield code="b">MAIN</subfield>
    <subfield code="d">2023-12-17</subfield>
    <subfield code="l">0</subfield>
    <subfield code="o">305.3 TIR</subfield>
    <subfield code="p">RAF3795</subfield>
    <subfield code="r">2023-12-17</subfield>
    <subfield code="w">2023-12-17</subfield>
    <subfield code="y">BK</subfield>
  </datafield>
  <datafield tag="999" ind1=" " ind2=" ">
    <subfield code="c">4500</subfield>
    <subfield code="d">4500</subfield>
  </datafield>
</record>
